00505cam a2200193 a 450000100070000000500170000700800410002401000170006502000260008202000220010804000160013004100080014608000170015408200210017110000070019210100080019924500650020750400390027254422520180228044138.0870819s1986 enk b 001 0 eng c a 87673388  z0631148416 :c£25.00 a0631148434 (pbk.) aMHcMHdDLC aeng a305.42 jul00a305.42 jul220 a48 apsi00aWhat is feminism? /cedited by Juliet Mitchell & Ann Oakley. aIncludes bibliographies and index.